| 000 | 01440nam a2200325Ia 4500 | ||
|---|---|---|---|
| 001 | 9173 | ||
| 003 | IT-RoPAU | ||
| 008 | 130308s9999 xx 000 0 und d | ||
| 040 | _aIT-RoPAU | ||
| 040 | _cIT-RoPAU | ||
| 041 | _aITALIANO | ||
| 100 | _aHintikka Jaakko | ||
| 100 | _gCodice Aut. SPICS: 5471 | ||
| 240 | _aLOGIC, LANGUAGE-GAMES AND INFORMATION | ||
| 240 | _gCodice Tit. Orig. Spics: T0811 | ||
| 245 | _aLogica, giochi linguistici e informazione-Temi kantiani nella filosofia della logica | ||
| 245 | _bLogica, Giochi Linguistici e Informazione-Temi Kantiani nella Filosofia della Logica | ||
| 250 | _a1a ed. | ||
| 260 | _aMILANO | ||
| 260 | _bIl Saggiatore | ||
| 260 | _c1975 [1° Ed.:1975 - Ed.Ling.Originale:1973] | ||
| 300 | _a"334 p. (prefazione: no ; testo: 334)" | ||
| 500 | _a* Logica della Filosofia e Filosofia della Logica* Quantificazione e la Teoria Raffigurativa del Linguaggio (La)* Giochi Linguistici per I Quantificatori* Criteri comportamentali per la Traduzione Radicale* Quantificatori, Giochi Linguistici e Argomenti Trascendentali* una Analisi dell'Analiticita'* Verità logiche Sono Tautologie? (Le)* Kant Rivisitato* Kant e la Tradizione dell'Analisi* Informazione, Deduzione e a Priori* forme normali Distributive nella Logica del Primordine | ||
| 650 | _aLOGICA FILOSOFICA | ||
| 650 | _eCodice materia Spics: 3151 | ||
| 942 | _cBK | ||
| 957 | _71 | ||
| 999 |
_c65462 _d65462 |
||
| 999 | _bSI | ||
| 999 | _g1 | ||